书目信息 |
| 题名: |
与孔子对话:涅盘的凤凰
|
|
| 作者: | 胡文飞著 | |
| 分册: | ||
| 出版信息: | 宗教文化出版社 1997.12 |
|
| 页数: | 381页 | |
| 开本: | 19cm | |
| 丛书名: | ||
| 单 册: | ||
| 中图分类: | B222.2 | |
| 科图分类: | ||
| 主题词: | 先秦哲学 | |
| 电子资源: | ||
| ISBN: | 7-80123-129-5 | |
| 000 | 00538nam0 2200181 45 | |
| 001 | 9911301546 | |
| 005 | 19991130154508.0 | |
| 010 | @a7-80123-129-5@d22.60 | |
| 100 | @a19991130d1997 km y0chiy0120 ea | |
| 101 | @achi | |
| 105 | @a z 000yy | |
| 200 | 1 | @a与孔子对话:涅盘的凤凰@AYu Kong Zi Dui Hua:Nie Pan De Feng Huang@f胡文飞著@FHu Wen Fei Zhu |
| 210 | @c宗教文化出版社@d1997.12 | |
| 215 | @a381页@c无图表@d19cm | |
| 606 | 0 | @a先秦哲学 |
| 690 | @aB222.2@v3 | |
| 801 | @aCN@bPerfectUser@c19991130 | |
| 905 | @aBZT@b67325-327@f3@dB222.2@e1 | |
| 与孔子对话:涅盘的凤凰/胡文飞著.-宗教文化出版社,1997.12 |
| 381页:无图表;19cm |
| ISBN 7-80123-129-5:22.60 |
| ● |
| 相关链接 |
|
|
|
正题名:与孔子对话:涅盘的凤凰
索取号:B222.2/1
 
预约/预借
| 序号 | 登录号 | 条形码 | 馆藏地/架位号 | 状态 | 备注 |
| 1 | 67325 | 200390157 | 中心书库南/001架B面4层4列/ [索取号:B222.2/1] | 在馆 | |
| 2 | 67326 | 200390166 | 中心书库南/001架B面4层4列/ [索取号:B222.2/1] | 在馆 | |
| 3 | 67327 | 200390139 | 中心书库南/001架B面4层4列/ [索取号:B222.2/1] | 在馆 |